| 000 | 00601nam a2200229Ia 4500 | ||
|---|---|---|---|
| 003 | OSt | ||
| 005 | 20230503141828.0 | ||
| 008 | 210423s2016 xx 000 0 und d | ||
| 020 | _a978-0-19-872871-9 | ||
| 040 | _cAL | ||
| 041 | _aeng | ||
| 082 |
_a547 _223 _bCLAO |
||
| 100 |
_aCLAYDEN (Jonathan);GREEVES (Nick);WARREN (Stuart) _997116 |
||
| 245 | _aOrganic chemistry Ed 2 | ||
| 250 | _a2 | ||
| 260 |
_aNew York _bOxford University Press _c2016 |
||
| 300 |
_axxv,1234 _bPB |
||
| 365 |
_b2428 _cINR |
||
| 650 |
_aOrganic Chemistry _997117 |
||
| 906 | _achemistry ; Organic | ||
| 942 |
_2ddc _cBK |
||
| 999 |
_c170893 _d170893 |
||